| 000 | 00000nam##2200000za#4500 |
| 001 | 9.683301 |
| 003 | CaOODSP |
| 005 | 20210615133453 |
| 007 | ta |
| 008 | 150407|2006||||xxc||||| f|0| 0 fre|d |
| 020 | |a1-55392-818-0 |
| 040 | |aCaOODSP|bfre |
| 043 | |an-cn--- |
| 086 | 1 |aH118-38/2006F |
| 110 | 1 |aCanada. |bInstitut canadien d'information sur la santé. |
| 245 | 10|aDonner naissance au Canada : les coûts |
| 260 | |aOttawa - Ontario : |bInstitut canadien d'information sur la santé |c2006. |
| 300 | |axi, 54p. : |bfigures, graphiques, ill. ; |c28 cm. |
| 500 | |a«Troisième d'une série de rapports intitulée Donner naissance au Canada, ... Les deux autres rapports de la série Donner naissance au Canada s'intitulent: Les dispensateurs de soins à la mère et à l'enfant (2004)... Un profil régional (2004)...»--Page ix. |
| 504 | |aBibliographie. |
| 520 | 3 |aDonner naissance au Canada : Les coûts traite des dépenses consacrées aux soins à la mère et à l'enfant au Canada, tout en fournissant des comparaisons à l'échelle provinciale, nationale et internationale (selon les données disponibles). |
| 590 | |a06-18|b2006-05-05 |
| 691 | 07|aCoût|2gcpds |
| 691 | 07|aNaissance|2gcpds |
| 691 | 07|aSoins de santé|2gcpds |
| 775 | 08|tGiving birth in Canada : the costs |w(CaOODSP)9.650176 |
| 776 | 0#|tDonner naissance au Canada : les coûts |w(CaOODSP)9.632798 |